Využitie automatizácie procesov pri kalkulácii MCEV v životnom poistení
Význam robotickej automatizácie procesov (RAP). Robotická automatizácia procesov v poisťovníctve. MCEV v životnom poistení. Metódy kalkulácie MCEV. Ukážka výsledkov kalkulácie MCEV pre model investičného životného poistenia.
Saved in:
| Main Author: | |
|---|---|
| Other Authors: | |
| Format: | Book Chapter |
| Language: | Slovak |
| Subjects: | |
| Tags: |
No Tags, Be the first to tag this record!
|
MARC
| LEADER | 00000nla a2200000 4500 | ||
|---|---|---|---|
| 001 | 0246790 | ||
| 005 | 20240502073947.3 | ||
| 041 | 0 | |a slo | |
| 044 | |a SK | ||
| 245 | 1 | 0 | |a Využitie automatizácie procesov pri kalkulácii MCEV v životnom poistení |c Tatiana Šoltésová, Kristína Úradníčková |
| 520 | |a Význam robotickej automatizácie procesov (RAP). Robotická automatizácia procesov v poisťovníctve. MCEV v životnom poistení. Metódy kalkulácie MCEV. Ukážka výsledkov kalkulácie MCEV pre model investičného životného poistenia. | ||
| 610 | 2 | 0 | |a poistenie životné investičné |
| 610 | 2 | 0 | |a oceňovanie |
| 610 | 2 | 0 | |a automatizácia |
| 610 | 2 | 0 | |a modely |
| 610 | 2 | 0 | |a kalkulácia |
| 100 | 1 | |a Šoltésová, Tatiana, 1975- | |
| 700 | 1 | |a Úradníčková, Kristína | |